| 000 | 01395cam a2200337 i 4500 | ||
|---|---|---|---|
| 001 | 200442752 | ||
| 003 | TR-AnTOB | ||
| 005 | 20240802162730.0 | ||
| 007 | ta | ||
| 008 | Tu Tur | ||
| 040 |
_aDEUX _btur _cTR-AnTOB _erda _dTR-AnTOB |
||
| 041 | 1 |
_atur _heng |
|
| 050 |
_aJN10 _b.F5319 1956 |
||
| 090 |
_aJN10 _b.F5319 1956 |
||
| 100 | 1 |
_aFlanz, Gisbert H. _eauthor _9136858 |
|
| 245 | 1 | 0 |
_aXIX Asır Avrupasında Anayasa Hareketleri : _canayasacılık hareketlerinin mukayeseli olarak incelenmesine giriş / _bGisbert H. Flanz ; çevirenler Necat Erder, Şerif Mardin, Aydın Sinanoğlu. |
| 264 | 1 |
_aAnkara: _bAnkara Üniv. SBF Yayınları, _c1956 |
|
| 300 |
_a138 pages ; _c24 cm |
||
| 336 |
_2rdacontent _atext _btxt |
||
| 337 |
_2rdamedia _aunmediated _bn |
||
| 338 |
_2rdacarrier _avolume _bnc |
||
| 490 | 0 |
_aAnkara Üniversitesi Siyasal Bilgiler Fakültesi Yayınları ; _vNo.53-35. _aMüşterek Yayınlar Serisi ; _v2 |
|
| 500 | _aAnkara Üniversitesi Siyasal Bilgiler Fakültesi and New York-Graduate School of Public Administration and Social Service in common published. | ||
| 653 | _aAnayasa tarihi--Avrupa | ||
| 700 | 1 |
_aErder, Necat _etranslator _9136859 |
|
| 700 | 1 |
_aMardin, Şerif, _d1927-2017 _etranslator _9103797 |
|
| 700 | 1 |
_aSinanoğlu, Aydın _etranslator _9136860 |
|
| 942 |
_2lcc _cBK |
||
| 999 |
_c200442752 _d60964 |
||